000
00317nam a22001337a 4500
008
181217b xxu||||| |||| 00| 0 eng d
020
_a
0395431549
041
_a
eng
080
_a
510
100
_a
36
101
_a
MAT
245
_a
Descartes Dream the World According to Mathematics
_c
Davis,P.J
942
_2
udc
_c
BK
999
_c
53146
_d
53146